Online Catalogue and eLibrary

Wijeveera ghathanaye abhirahasa (Record no. 2516)

MARC details
000 -LEADER
fixed length control field 00396nam a2200145Ia 4500
005 - DATE AND TIME OF LATEST TRANSACTION
control field 20250620032150.0
008 - FIXED-LENGTH DATA ELEMENTS--GENERAL INFORMATION
fixed length control field 240331s9999 xx 000 0 und d
082 ## - DDC Classification
Item Number - Author Mark WIJ
Class No. 322Ratmalana
100 ## - MAIN ENTRY--PERSONAL NAME
Personal name Wijayalath, C
245 #0 - TITLE STATEMENT
Title Wijeveera ghathanaye abhirahasa
260 ## - PUBLICATION, DISTRIBUTION, ETC.
Place of publication, distribution, etc. Ratmalana
Name of publisher, distributor, etc. Nawamage printers
Date of publication, distribution, etc. 1994
300 ## - PHYSICAL DESCRIPTION
Extent (e.g. Volumes, Pages etc.) 94 p .,
500 ## - GENERAL NOTE
General note A book of mystery of Wijeweera's murder
942 ## - Koha item type (Biblio)
Koha item type Books in Stacks (Lending)
Holdings
Lost status Damaged status Collection code Home library Current library Shelving location Date acquired Full call number Accession Number Item type
    Lending WERC Library WERC Library Social Science Cupboard 03/31/2024 323.42 WIJ 3329 Books in Stacks (Lending)

© WERC Library